[Event "Titled Tuesday intern op 14th Jun Late"]
[Site "Chess.com INT"]
[Date "2022.06.14"]
[Round "5"]
[White "Wachinger, Guenther"]
[Black "Terry, Renato"]
[Result "0-1"]
[WhiteElo "2215"]
[BlackElo "2502"]
[PlyCount "84"]
[EventDate "2022.06.14"]
[EventType "swiss (blitz)"]
[EventRounds "11"]
[EventCountry "USA"]
[SourceTitle "EXT 2023"]
[Source "ChessBase"]
[SourceDate "2022.10.05"]
[SourceVersion "1"]
[SourceVersionDate "2022.10.05"]
[SourceQuality "1"]

1. e4 e6 2. d4 d5 3. Nd2 Be7 4. c3 c5 5. dxc5 Bxc5 6. Bd3 Nf6 7. Qe2 Nc6 8. e5 Nxe5 9. Qxe5 Bxf2+ 10. Kf1 Bc5 11. Nh3 Ng4 12. Qg3 e5 13. Nb3 Bb6 14. Bb5+ Kf8 15. Be2 h5 16. Bxg4 hxg4 17. Nf2 Qf6 18. Be3 Bc7 19. Rd1 Qa6+ 20. Kg1 Qxa2 21. Nd2 Qxb2 22. Bd4 f6 23. Nf1 Qb5 24. h3 Qc6 25. Be3 gxh3 26. Nxh3 Be6 27. Nf2 Rxh1+ 28. Nxh1 a5 29. Nf2 a4 30. Qh4 a3 31. Qh8+ Bg8 32. Nd3 a2 33. Bc5+ Bd6 34. Bxd6+ Qxd6 35. Ra1 Qb6+ 36. Kh1 Qb1 37. Nc5 Qxa1 38. Ne6+ Ke7 39. Qxg7+ Kxe6 40. Qg4+ Kd6 41. Qf3 Qxf1+ 42. Qxf1 a1Q 0-1

[Event "Titled Tuesday intern op 14th Jun Early"]
[Site "Chess.com INT"]
[Date "2022.06.14"]
[Round "2"]
[White "Wachinger, Guenther"]
[Black "Ziatdinov, Raset"]
[Result "1/2-1/2"]
[WhiteElo "2215"]
[BlackElo "2183"]
[PlyCount "125"]
[EventDate "2022.06.14"]
[EventType "swiss (blitz)"]
[EventRounds "11"]
[EventCountry "USA"]
[SourceTitle "EXT 2023"]
[Source "ChessBase"]
[SourceDate "2022.10.05"]
[SourceVersion "1"]
[SourceVersionDate "2022.10.05"]
[SourceQuality "1"]

1. e4 c5 2. Nf3 Nc6 3. d4 cxd4 4. Nxd4 g6 5. c4 Bg7 6. Be3 Nf6 7. Nc3 0-0 8. f3 d6 9. Qd2 Bd7 10. Rc1 Nxd4 11. Bxd4 Bc6 12. Be2 a5 13. b3 a4 14. b4 Qc7 15. 0-0 Nd7 16. Bxg7 Kxg7 17. b5 Qb6+ 18. Kh1 Kg8 19. bxc6 bxc6 20. Rb1 Qa5 21. Rfd1 Rfb8 22. Rxb8+ Rxb8 23. Rb1 Rxb1+ 24. Nxb1 Qb6 25. Qc2 Nc5 26. h3 Qb4 27. a3 Qe1+ 28. Kh2 h5 29. Qd1 Qf2 30. Qf1 Qd4 31. Qd1 Qf2 32. Nc3 h4 33. Qg1 Qg3+ 34. Kh1 Qe5 35. Qe3 g5 36. Bf1 Kg7 37. Be2 f6 38. Bd1 Kf7 39. Nxa4 Qa1 40. Nc3 Na4 41. Nxa4 Qxd1+ 42. Kh2 Qxa4 43. Qd3 Qa5 44. Qe3 Qe5+ 45. Kg1 Qa1+ 46. Kh2 Qe5+ 47. Kg1 Qa1+ 48. Kf2 Qb2+ 49. Kf1 Qa1+ 50. Ke2 Qb2+ 51. Qd2 Qxa3 52. Qc2 Qc5 53. Kd3 Qg1 54. Qa2 Qf1+ 55. Ke3 c5 56. Qc2 Qg1+ 57. Kd3 Qd4+ 58. Ke2 Qg1 59. Kd3 Kg7 60. Qe2 Qb1+ 61. Ke3 Qg1+ 62. Kd3 Kf7 63. Qc2 1/2-1/2

[Event "Titled Tuesday intern op 07th Jun Late"]
[Site "Chess.com INT"]
[Date "2022.06.07"]
[Round "1"]
[White "Bryakin, Mikhail"]
[Black "Wachinger, Guenther"]
[Result "1-0"]
[WhiteElo "2465"]
[BlackElo "2215"]
[PlyCount "57"]
[EventDate "2022.06.07"]
[EventType "swiss (blitz)"]
[EventRounds "11"]
[EventCountry "USA"]
[SourceTitle "CBM 208 Extra"]
[Source "ChessBase"]
[SourceDate "2022.07.31"]
[SourceVersion "1"]
[SourceVersionDate "2022.07.31"]
[SourceQuality "1"]

1. e4 c5 2. a3 g6 3. Nc3 Bg7 4. Bc4 e6 5. d3 Ne7 6. Nf3 d5 7. Ba2 0-0 8. 0-0 Nbc6 9. Re1 dxe4 10. Nxe4 b6 11. Rb1 Bb7 12. Bg5 Qc7 13. Qd2 Nd5 14. Bh6 f5 15. Bxg7 Qxg7 16. Nd6 Nd8 17. Nxb7 Qxb7 18. Ng5 Qd7 19. Re5 h6 20. Nxe6 Nxe6 21. Bxd5 Rae8 22. Rbe1 Rf6 23. Qxh6 Qd6 24. f4 c4 25. Bxc4 Qd4+ 26. Kh1 Qd6 27. h3 Qd7 28. R1e3 Qd6 29. Rg3 1-0